00348 2200145 4500001002100000005001500021035002000036245003500056100002600091300001300117260002600130082001000156084001600166990002000182INLIS00000000000089220220822112119 a0010-08220000841 aKISAH ABUNAWAS MENGECOH GAJAH0 aYUDHISTIRA IKRANEGARA a32 ;c15 aSurabaya :bDUA MEDIA a398.2 a398.2 YUD k a3148/BBTIV/2021